Statistics for Animals Quiz #1

Click here to take the quiz!

General Stats

  • This quiz has been taken 17 times
  • The average score is 16 of 28

Answer Stats

Answer% Correct
Ladybug
100%
Lion
92%
Tiger
92%
Turtle
92%
Wolf
92%
Fox
85%
Squirrel
85%
Flamingo
77%
Raccoon
77%
Bison
69%
Butterfly
69%
Dog
69%
Duck
69%
Penguin
69%
Chipmunk
62%
Leopard
54%
Peacock
54%
Alligator
46%
Cat
38%
Crocodile
38%
Eagle
38%
Elephant
38%
Fish
38%
Jaguar
38%
Zebra
38%
Canada Goose
8%
Musk Ox
8%
Snow Goose
8%

Score Distribution

Percentile by Number Answered

Percent of People with Each Score

Your Score History

You have not taken this quiz